[Event "London FIDE GP 1st"]
[Site "London"]
[Date "2012.09.23"]
[Round "3"]
[White "Mamedyarov, Shakhriyar"]
[Black "Giri, Anish"]
[Result "1-0"]
[WhiteElo "2729"]
[BlackElo "2730"]
[Annotator "Ftacnik,Lubomir"]
[PlyCount "41"]
[EventDate "2012.09.21"]
[EventType "tourn"]
[EventRounds "11"]
[EventCountry "ENG"]
[EventCategory "20"]
[SourceTitle "CBM 151"]
[Source "ChessBase"]
[SourceDate "2012.11.13"]
[SourceVersion "1"]
[SourceVersionDate "2012.11.13"]
[SourceQuality "1"]

1. d4 d5 2. c4 c6 3. Nf3 Nf6 4. Qb3 e6 {The main defence against the early foray of the white queen in current tournament praxis is the idea of immediate development of the c8-bishop after 4...dxc4. Giri was well aware that his adversary belongs to the experts in the ensuing complications and he thus prefers a different plan.} (4... dxc4 5. Qxc4 Bf5) 5. Bg5 h6 {The h-pawn advance is a well known motif from the Botvinnik System, but in our position the pawn on c4 is defended. Black could have tried other options striving to finish development without undue exposure.} (5... Nbd7 6. Nc3 (6. e3 Qa5+ 7. Nc3 Ne4 8. h4 Bd6 9. Bf4 Bxf4 10. exf4 O-O 11. Bd3 dxc4 12. Bxc4 Nxc3 13. bxc3 Qf5 14. g3 Qe4+ 15. Be2 b6 16. Qb1 Qxb1+ 17. Rxb1 Bb7 18. Ne5 Nxe5 19. dxe5 Rad8 $11 {1/2 (31) Avrukh,B (2596)-Movsesian,S (2705) Sibenik 2012 (31)}) 6... Qa5 (6... Be7 7. e3 O-O 8. Bd3 dxc4 9. Qxc4 Nd5 10. Bxe7 Qxe7 11. Rd1 N5b6 12. Qb3 e5 13. Qc2 h6 14. O-O exd4 15. Nxd4 Nf6 16. Ne4 Nxe4 17. Bxe4 Bg4 18. Rd2 c5 19. Nf5 Bxf5 20. Bxf5 $14 {1/2 (41) Mchedlishvili,M (2626)-Dreev,A (2698) Plovdiv 2012 (41)}) 7. cxd5 exd5 8. e3 Ne4 9. Bd3 Nxg5 10. Nxg5 Be7 11. Nf3 O-O 12. O-O Qd8 13. Qc2 g6 14. a3 a5 15. Rab1 Bd6 16. b4 axb4 17. axb4 Nb6 18. b5 c5 19. dxc5 Bxc5 20. Ra1 Rxa1 21. Rxa1 $11 {1/2 (44) Caruana,F (2770)-Kamsky,G (2741) Achaea 2012 (44)}) (5... Be7 6. Nbd2 O-O 7. g3 h6 8. Bxf6 Bxf6 9. Bg2 b6 10. O-O Ba6 11. Rfd1 Nd7 12. e4 Bb7 13. cxd5 cxd5 14. e5 Be7 15. Ne1 Nb8 16. f4 Nc6 17. Ndf3 Rc8 18. Qe3 Qd7 19. Bh3 Nb4 20. Rd2 Ba6 $17 {1/2 (32) Erdos,V (2608)-Zilka,S (2517) Austria 2012 (32)}) 6. Bh4 dxc4 {At this point the swap on c4 is connected with an older plan of advancing the -pawn as in the Catalan Defence.} (6... Qa5+ 7. Nc3 Ne4 8. e3 Nd7 9. Bd3 g5 10. Bg3 Nxg3 11. hxg3 Bg7 12. O-O-O dxc4 13. Bxc4 Nb6 14. Kb1 Nd5 15. Ne4 Qc7 16. Rc1 Nf6 17. Nfd2 Nxe4 18. Nxe4 Qe7 19. f4 $16 {1-0 Epishin,V (2543)-Burmakin,V (2588)/Bugibba 2011/ (42)}) (6... Be7 7. e3 O-O 8. Nc3 Nbd7 (8... Ne4 9. Bxe7 Qxe7 10. Bd3 Nxc3 11. Qxc3 Nd7 12. O-O dxc4 13. Bxc4 b6 14. Qd3 Rd8 15. Qe2 c5 16. Rfd1 Bb7 17. Ba6 Bxa6 18. Qxa6 e5 19. Qb7 exd4 20. exd4 Qf6 {1/2 (56) Nguyen,N (2662)-Nguyen,D (2453) Ho Chi Minh City 2012 (56)}) 9. Rd1 a6 10. a4 b6 11. Bd3 Bb7 12. O-O c5 13. Ne5 cxd4 14. exd4 Rb8 15. Rfe1 Qc7 16. Bg3 Bd6 17. Rc1 Bxe5 18. dxe5 dxc4 19. Bxc4 Nh5 $11 {1/2 (40) Khusnutdinov,R (2492)-Maletin,P (2575)/Moscow 2012/ (40)}) 7. Qxc4 b5 8. Qc2 (8. Qb3 Nbd7 9. Nc3 a6 10. e4 Qa5 11. Bxf6 Nxf6 12. Bd3 c5 13. dxc5 Bb7 14. O-O Nd7 15. c6 Bxc6 16. Nd4 Rc8 17. Nxe6 fxe6 18. Qxe6+ Kd8 19. Rfd1 Bc5 20. Be2 $11 {1-0 (34) Cioara,A (2477)-Roiz,M (2652)/ Plovdiv 2012/ (34)}) 8... Bb7 9. Nbd2 $5 {The quality of the opening preparation on the highest world level is fascinating for other players who watch developments with interest. Mamedyarov is trying to surprise the enemy by creating the unpleasant task of assessing new positions against known continuations.} (9. Nc3 Nbd7 10. e4 Qb6 (10... b4 11. Na4 Qa5) 11. Be2 Nh5 12. d5 (12. O-O g5 13. Bg3 g4 14. Ne5 Nxg3 15. hxg3 Nxe5 16. dxe5 h5 17. a4 Bg7 $11) 12... Nf4 13. dxe6 Nxe6 14. O-O-O Bb4 15. Kb1 (15. Rxd7 Kxd7 16. Ne5+ Ke8 17. Bh5 g6 18. Nxg6 Qc5 19. e5 $16) 15... Ndc5 16. Rd6 O-O 17. Nd5 cxd5 18. Rxb6 axb6 $15 {0-1 Jobava,B (2707)-Potkin,V (2653)/Aix-les-Bains 2011/ (26)}) (9. e3 Nbd7 10. Bd3 (10. Be2 Qb6 11. Nc3 a6 12. a4 Bb4 13. O-O O-O 14. Qb3 Be7 15. Rfd1 b4 16. a5 Qd8 17. Ne5 bxc3 18. Qxb7 Rb8 19. Qxa6 cxb2 20. Rab1 Nxe5 21. Bxf6 gxf6 22. dxe5 Qc7 23. Qc4 {1/2 (23) Eljanov,P (2675)-Stellwagen,D (2585)/Wijk aan Zee 2007/}) 10... Be7 (10... Rc8 11. Qe2 b4 (11... a6 12. a4 c5 13. O-O c4 14. Bc2 Qb6 15. axb5 axb5 16. Nc3 b4 17. Na4 Qc6 18. e4 Nxe4 19. d5 exd5 20. Nd4 Qc7 21. f3 Qe5 22. fxe4 Qxd4+ 23. Kh1 $14 {1/2 (99) Bologan,V (2693)-Grigoryan,A (2595)/Moscow 2011/ (99)}) 12. O-O c5 13. a3 cxd4 14. exd4 Qa5 15. Nbd2 bxa3 16. bxa3 Be7 17. Rab1 Bxf3 18. Nxf3 O-O 19. Rb7 Qxa3 20. d5 Nc5 21. Rxe7 Nxd3 22. Bxf6 gxf6 $15 {0-1 (68) Izoria,Z (2593)-Ivanchuk,V (2715)/Yerevan 2004/ (68)}) 11. O-O O-O 12. Qe2 a6 13. a4 bxa4 14. Rd1 c5 15. dxc5 Nd5 16. Bxe7 Qxe7 17. Rxa4 Nxc5 18. Ra1 Nxd3 19. Rxd3 Nb4 20. Rd2 Rad8 21. Rxd8 Rxd8 $15 {1/2 (36) Romanov,E (2639)-Malakhov,V (2710)/St Petersburg 2011/ (36)}) ({RR} 9. e3 Nbd7 10. a4 Rc8 11. Nbd2 g5 12. Bg3 Bb4 13. Be2 c5 14. d5 exd5 15. Bxb5 a6 16. Bd3 Ne4 17. Bxe4 dxe4 18. Ne5 Nxe5 19. Bxe5 Bxd2+ 20. Qxd2 Qxd2+ 21. Kxd2 f6 22. Bc3 Bd5 23. Rhc1 Kf7 {Sokolov,I (2592)-Van Wely,L (2629) Venlo NED 2025 ½-½ (41)}) 9... Nbd7 10. e4 $146 (10. e3 Rc8 11. Be2 (11. a4 c5 12. Bxf6 gxf6 13. d5 exd5 14. Bxb5 a6 15. Be2 Ne5 16. O-O Qd7 17. e4 Rg8 18. Ra3 c4 19. Nxe5 fxe5 20. Rg3 Rxg3 21. fxg3 dxe4 $15 {1/2 (47) Vovk,Y (2539)-Ivanchuk,V (2764)/Warsaw 2010/ (47)}) 11... Be7 12. O-O c5 13. Bxf6 Bxf6 14. Ne4 Bxe4 15. Qxe4 Qb6 16. dxc5 {1/2 (16) Izoria,Z (2489)-Galkin,A (2584)/Ohrid 2001/}) ({RR} 10. e3 Rc8 11. a4 b4 12. Nb3 c5 13. dxc5 Bxc5 14. Nxc5 Nxc5 15. Bb5+ Ke7 16. O-O a6 17. Be2 Qa5 18. Nd2 Nce4 19. Nc4 Qc5 20. f3 Nd6 21. Rac1 Nxc4 22. Bf2 Qg5 23. h4 Nxe3 24. Qc7+ Rxc7 {Jumabayev,R (2606)-Ragger,M (2698) Berlin 2015 1-0 (76)}) 10... Rc8 {Giri is puting his faith in the conservative approach with the classical setup aimed at supporting the counterplay centred around the c6-c5 advance. In retrospect it is easy to to suggest, that the queen move 10...b6 deserved closer inspection.} (10... Qb6 11. a4 Bb4 12. Bd3 g5 13. Bg3 g4 14. Ne5 Qxd4 15. Nxd7 Nxd7 16. O-O-O Nc5 17. Nb3 Nxb3+ 18. Qxb3 bxa4 19. Bc4 Bd2+ 20. Rxd2 Qxd2+ 21. Kxd2 axb3 $17 {0-1 (27) Gerber,R (2382)-Khenkin,I (2611)/Geneve 2007/ (27)}) 11. Be2 a6 (11... c5 12. d5 $1 exd5 13. e5 g5 14. Bg3 Ne4 15. Bxb5 Bg7 (15... a6 16. Ba4 Nxg3 17. hxg3 Bg7 18. O-O-O $14) 16. Nxe4 dxe4 17. O-O-O Bc6 18. Bxc6 Rxc6 19. Qxe4 Qc8 20. h4 gxh4 21. Nxh4 c4 22. Nf5 Kf8 23. Qg4 Rg6 24. Qd4 {1-0 (24) Drozdovskij,Y (2454)-Galkin,A (2598)/chessassistantclub.com INT 2004/}) 12. O-O c5 $2 {Chess literature is still awaiting a great work on the importance of proper timing of any endeavour on the board, about the great role of time in chess games in general. White is better developed and can thus react rather violently, focusing on immediate attack.} (12... Qb6 13. Rad1 c5 14. d5 Be7 15. dxe6 Qxe6 16. a4 $14) 13. d5 $1 exd5 (13... Bd6 14. dxe6 fxe6 15. Rfd1 Qb6 16. Bxf6 gxf6 17. e5 $1 fxe5 18. Qg6+ Kd8 19. Ne4 $16) (13... Qb6 14. Rfe1 exd5 15. Bd3 $16) 14. e5 g5 {The fact, that Black finds it necessary to use extreme meassures, does not bode well for the defence.} 15. Bg3 Ne4 (15... Nh5 $2 16. e6 $18) 16. Nxe4 dxe4 17. Nd2 h5 {The advance of the h-pawn in such a highly critical moment adds a flavour of desperation to the defensive attempts. Tragically, all the natural moves were already insufficient as well.} (17... Qe7 18. Nxe4 Nxe5 19. Bg4 $1 Nxg4 (19... Rd8 20. Bxe5 Qxe5 21. Nxc5 $18) 20. Rfe1 $16) (17... Bg7 18. Nxe4 Bxe5 19. Rad1 Bxg3 20. Rxd7 $1 Kxd7 (20... Qxd7 21. Nf6+ $18) 21. Rd1+ Kc7 22. Rxd8 $18) 18. Nxe4 Rh6 (18... Bxe4 19. Qxe4 h4 20. e6 Nf6 (20... hxg3 21. exd7+ Kxd7 22. Rad1+ $18) 21. Qb7 fxe6 22. Be5 $18) (18... h4 19. e6 $1 fxe6 20. Nd6+ Bxd6 21. Qg6+ Ke7 22. Qg7+ $18) 19. Rad1 Be7 (19... h4 20. Bg4 hxg3 21. fxg3 Rc7 22. Nf6+ Rxf6 (22... Ke7 23. Qd2 $18) 23. exf6 Qa8 24. Rfe1+ Kd8 25. Qe2 $18) 20. Bxh5 $1 {Mamedyarov is one of the strongest tacticians in the chess world elite. In this position, with Black desperately defending, his beautiful final combination serves as a way to shorten terrible suffering.} Rxh5 (20... Bc6 21. Bg4 c4 22. Rfe1 Kf8 23. Nf6 $18) (20... Bxe4 21. Qxe4 Rxh5 22. e6 $18) 21. e6 {The players above the magic rating level 2700 rarely win in direct duels in 20 moves!} (21. e6 fxe6 (21... Bc6 22. exd7+ Bxd7 23. Rd5 Qa5 24. Rxd7 Kxd7 25. Qd1+ Kc6 26. Qxh5 $18) 22. Nd6+ Kf8 23. Qg6 $18) 1-0

[Event "EU-ch 12th"]
[Site "Aix les Bains"]
[Date "2011.04.02"]
[Round "11"]
[White "Matlakov, Maxim"]
[Black "Fressinet, Laurent"]
[Result "1/2-1/2"]
[WhiteElo "2625"]
[BlackElo "2693"]
[Annotator "Marchand,A/Primel,D"]
[PlyCount "141"]
[EventDate "2011.03.22"]
[EventType "swiss"]
[EventRounds "11"]
[EventCountry "FRA"]
[SourceTitle "CBM 142 Extra"]
[Source "ChessBase"]
[SourceDate "2011.06.27"]
[SourceVersion "1"]
[SourceVersionDate "2011.06.27"]
[SourceQuality "1"]
[TimeControl "40/5400+30:1800+30"]

1. d4 Nf6 2. c4 e6 3. Nf3 d5 4. e3 a6 5. b3 c5 6. Bb2 Nc6 7. Bd3 Be7 8. O-O ({RR} 8. cxd5 exd5 9. O-O O-O 10. Nbd2 cxd4 11. Nxd4 Ne5 12. N2f3 Nxd3 13. Qxd3 Ne4 14. h3 Bf6 15. Rac1 Bd7 16. Rfd1 Qa5 17. Qb1 Bxd4 18. Bxd4 Rac8 19. Qb2 f6 20. Ne1 Rxc1 21. Rxc1 Rc8 22. Rxc8+ Bxc8 {Kramnik,V (2785)-Grischuk,A (2715) Moscow 2007 ½-½ (48)}) 8... cxd4 9. exd4 Nb4 $146 (9... O-O {0-1 Vaganian,R (2590)-Brkic,A (2558) EU-Cup 24th Kallithea 2008 (2)}) ({RR} 9... O-O 10. Nc3 dxc4 11. bxc4 b6 12. Qe2 Bb7 13. Rad1 Re8 14. Bb1 Na5 15. Ne5 Rc8 16. Qd3 Qc7 17. Qh3 Nxc4 18. Nxc4 Qxc4 19. d5 exd5 20. Ne2 Ne4 21. Ng3 Ng5 22. Qh5 g6 23. Qh6 Ne6 24. f4 {Vaganian,R (2590)-Brkic,A (2558) Kallithea 2008 0-1 (33)}) ({RR} 9... O-O 10. Nbd2 b6 11. Rc1 Bb7 12. Re1 Rc8 13. Bb1 Re8 14. Qe2 Bf8 15. a3 Rc7 16. Qd3 Ne7 17. Ne5 Ng6 18. Qg3 dxc4 19. Bxg6 hxg6 20. bxc4 Bd6 21. f4 Nh5 22. Qg4 Bxa3 23. Bxa3 Qxd4+ 24. Kh1 {Marzo Pie,X (2159)-Alcala Gonzalez,C (2303) Barcelona ESP 2026 0-1}) ({RR} 9... O-O 10. Nbd2 b6 11. Rc1 Bb7 12. Qe2 dxc4 13. bxc4 b5 14. c5 Nd5 15. Bb1 Qc7 16. Ne4 Rad8 17. Rfe1 g6 18. Ne5 Rfe8 19. Qf3 f6 20. Nxc6 Bxc6 21. Qg3 Qxg3 22. hxg3 f5 23. Nd2 Bf6 24. Nb3 {Gasanov,E (2475)-Movsesian,S (2635) Pardubice 2018 ½-½ (76)}) 10. Be2 b6 11. Nc3 Bb7 12. a3 Nc6 13. cxd5 exd5 14. Ne5 $14 O-O 15. Rc1 Rc8 16. Bf3 Re8 17. Re1 Bf8 18. b4 Ne7 {[%cal Ge7f5,Gf5d6]} 19. Rc2 (19. Ng4 Nxg4 (19... Nf5 20. Nxf6+ Qxf6 21. Nxd5) 20. Bxg4 {[%cal Gg4c8]} Rc4 {[%cal Gb6b5]} 21. Be2 b5 $5 22. Bxc4 dxc4 $44 {[%cal Gd8d5,Gd5g2,Ge7d5]}) 19... Nf5 20. g3 Nd6 $1 $132 {[%csl Gc4]} 21. Bg2 Rc7 $1 22. Rce2 Rce7 23. Qd3 Nfe4 24. Nxe4 $6 {Les Noirs vont obtenir une case "d5" pour faire transiter les pièces} dxe4 25. Qb3 Qa8 $1 26. Ng4 Bd5 27. Qd1 Nc4 $132 {[%csl Rb2,Gc4,Gd5]} 28. Bc1 a5 29. Ne3 Nxe3 30. Rxe3 axb4 31. axb4 Re6 (31... Rc7 $15 {[%cal Ge8c8]}) 32. Bd2 g6 33. Bh3 f5 34. Qb1 Bg7 {[%csl Rd4]} 35. Qb2 Qd8 (35... Rc6 $5 {[%cal Ge8c8,Gc6c2]}) 36. Ra3 Qf6 37. Bf4 Rc8 38. Be5 Qe7 39. Bxg7 Kxg7 40. b5 Rc7 41. Rc1 Rd7 42. Re3 Qf6 43. Qb4 Red6 44. Rec3 Bf7 {[%csl Rd4]} 45. Rc6 Qxd4 46. Qa3 Qe5 47. Bf1 Rd1 48. Qe3 Qxb5 $1 {[%csl Rf1][%cal Gb5f1] Nouvelle erreur du plateau DGT qui n' a pas sauvegardé la totalité de la partie!} 49. Qc3+ Kh6 50. Qe3+ Kg7 (50... Kh5) 51. Qc3+ Kh6 52. Qe3+ Kh5 {Tente de jouer pour le gain} 53. g4+ $1 fxg4 54. R6c5+ $3 bxc5 55. Rxc5+ $1 {Quel sauvetage!} Qxc5 56. Qxc5+ R7d5 (56... g5 $1 {Il serait plus difficile pour la  Blanche d'attaquer le  Noir}) 57. Qe3 R5d3 58. Qc5+ g5 59. Kg2 Rd5 60. Qc8 {[%csl Rh5][%cal Gh2h3,Gc8h3]} Rd8 61. Qc7 R8d7 62. Qg3 e3 $1 63. h3 $1 gxh3+ $2 (63... Bd5+ {[%csl Rf1,Rg2] Il vallait mieux ramener une pièce supplémentaire en attaque} 64. Kh2 Rxf1 65. hxg4+ Kg6 $19 {[%cal Gf1h1]}) 64. Qxh3+ Kg6 65. Qxe3 R1d6 66. Bb5 Rd8 67. Qe7 Rd4 68. Bc6 Bd5+ {Trop tard!} (68... Rg4+ 69. Kh3 Rdd4 70. f3 Rh4+ 71. Kg3 $11) 69. Bxd5 R4xd5 70. Qe6+ Kg7 71. Qe7+ 1/2-1/2

[Event "Tata Steel-A 73rd"]
[Site "Wijk aan Zee"]
[Date "2011.01.22"]
[Round "7"]
[White "Wang, Hao"]
[Black "Shirov, Alexei"]
[Result "1/2-1/2"]
[WhiteElo "2731"]
[BlackElo "2722"]
[Annotator "Moradiabadi,Elshan"]
[PlyCount "124"]
[EventDate "2011.01.14"]
[EventType "tourn"]
[EventRounds "13"]
[EventCountry "NED"]
[EventCategory "20"]
[SourceTitle "CBM 141"]
[Source "ChessBase"]
[SourceDate "2011.03.17"]
[SourceVersion "1"]
[SourceVersionDate "2011.03.17"]
[SourceQuality "1"]

1. d4 d5 2. c4 c6 3. Nf3 Nf6 4. e3 e6 5. b3 Nbd7 6. Bd3 Ne4 {Shirov is going for a Stonewall formation.} (6... Bd6 7. Bb2 O-O 8. Nbd2 b6 9. O-O Bb7 10. Ne5 {should have been what Wang Hao had in his mind.}) 7. O-O f5 8. Ba3 {[%csl Re5] Wang Hao is trying to take advantage of a somewhat premature clearance of the pawn structure. However his knight on a3 would enter the main battle rather late.} ({RR} 8. Qc2 a5 9. Ba3 Bxa3 10. Nxa3 O-O 11. Nb1 Qf6 12. Nc3 b6 13. Ne2 Bb7 14. a3 c5 15. cxd5 exd5 16. Bb5 Rfd8 17. Rac1 Rac8 18. dxc5 bxc5 19. Nf4 Nf8 20. Rfd1 Ng6 21. Nxg6 {½-½ (21) Giri,A (2714)-Ivanisevic,I (2636) Porto Carras 2011}) ({RR} 8. Bb2 Bd6 9. Nc3 O-O 10. Ne2 Rf6 11. Ne5 Rh6 12. f4 Ndf6 13. h3 Bd7 14. Nc3 Be8 15. Nxe4 Nxe4 16. Bxe4 fxe4 17. Qe1 Qe7 18. Kh2 Bh5 19. Rg1 Rf8 20. g4 Be8 21. g5 Rh5 22. Qe2 Bg6 {Nyback,T (2634)-Shirov,A (2710) Tallinn 2012 ½-½ (45)}) 8... Bxa3 9. Nxa3 O-O 10. b4 ({RR} 10. Nc2 a5 11. Nd2 e5 12. cxd5 Nc3 13. Qe1 Nxd5 14. Bc4 e4 15. f3 b5 16. fxe4 fxe4 17. Rxf8+ Nxf8 18. Bf1 Bf5 19. Qg3 Ng6 20. a4 b4 21. Nc4 Qf6 22. Nd6 Rf8 23. Bc4 Qh4 24. Qxh4 Nxh4 {Zdybel,P (2249)-Skawinski,A (2313) Chotowa 2025 1-0 (45)}) 10... a5 $146 ({RR} 10... a6 11. Qe2 Qe7 12. Qb2 b5 13. cxd5 exd5 14. Nc2 Nb6 15. Ne5 Bd7 16. f3 Nd6 17. Qc3 Ndc4 18. f4 Na4 19. Qe1 Nab2 20. Be2 Rfb8 21. Rb1 Na4 22. Bd3 Rf8 23. Na1 a5 24. Bxc4 dxc4 25. bxa5 {Gajewski,G (2568)-Stopa,J (2494) Warsaw 2010 ½-½ (59)}) ({RR} 10... Qe7 11. Nc2 Kh8 12. Nd2 Nc3 13. Qe1 e5 14. Nb3 dxc4 15. Bxc4 Ne4 16. Nd2 Nb6 17. Bd3 Nxd2 18. Qxd2 e4 19. Be2 Nd5 20. f3 exf3 21. Bxf3 Be6 22. a4 Rad8 23. Rab1 Nb6 24. a5 Nc4 25. Qc3 {Tomazini,A (2338)-Polajzer,D (2280) Otocec 2015 0-1 (66)}) 11. Nc2 $146 (11. b5 c5 12. Qb3 a4 13. Qb2 b6 14. Rad1 Bb7 15. Nb1 Qe7 16. Ne5 Nxe5 17. dxe5 f4 18. Bxe4 dxe4 19. exf4 Rxf4 20. Qd2 Qg5 21. Qe3 Raf8 22. Nc3 Qg6 23. Kh1 h5 24. Rd7 Ba8 25. Nxa4 Rg4 26. Nxb6 Rxg2 27. Nxa8 Rf3 28. Qd2 Qg4 29. Rxg7+ Kxg7 30. Qd7+ Kh6 {0-1 Volke,K (2472)-Shabalov,A (2626)/Bad Wiessee 2007/CBM 121 Extra}) 11... axb4 12. Nxb4 g5 13. Nd2 Qe7 14. a3 Ndf6 15. f3 c5 16. dxc5 Qxc5 $5 (16... Nxc5 17. Nb3 Rd8 18. Nxc5 Qxc5 19. Qc1 d4 20. exd4 Qxd4+ 21. Kh1 Qf4 22. Qc3 (22. Qxf4 gxf4 23. Rfe1 Ra5 {[%csl Ge5][%cal Ge6e5]}) 22... Qd4 {would have been about equal.}) 17. fxe4 dxe4 18. Be2 Qxe3+ 19. Kh1 Rd8 20. Ra2 Rxa3 21. Rxa3 Qxa3 22. Qb3 Qxb3 23. Nxb3 e3 $2 {This simply loses a pawn!} (23... Kf7 24. Kg1 f4 25. Rc1 (25. Re1 $1 {covering the e3-square} e3 {would have led to a balanced but far from clear ending.} (25... g4 26. c5 f3 27. Bc4 {and White is better})) 25... g4 {[%cal Gf4f3]} 26. c5 f3 27. Bc4 e3) 24. Nc2 Ne4 25. Nxe3 Nc3 26. Re1 Nxe2 27. Rxe2 Rd3 28. Nc5 Ra3 29. Kg1 Kf7 30. Kf2 b6 31. Nc2 Rc3 32. Na4 Rxc4 33. Nxb6 Rf4+ 34. Kg1 Ba6 35. Re1 Bd3 36. Rc1 Ke7 37. Ne3 (37. g3 Re4 38. Ne1 Ba6 39. Nf3 h6 40. Rc7+ Kd6 41. Ra7 Bb5 42. Nc8+ Kc5 43. Ra5 Re3 44. Na7 Rxf3 45. Rxb5+ Kd6 46. Rb6+ Kd5 {does not seem like a great improvement either. It is not clear whether White can win or not.}) 37... Rd4 38. Rc7+ Kd6 39. Rd7+ Kc5 40. Na4+ $1 Rxa4 41. Rxd3 Ra1+ 42. Kf2 Ra2+ 43. Kf3 h5 44. h3 (44. h4 gxh4 45. Rc3+ Kd6 46. Rc4 h3 47. gxh3 Ra3 {[%csl Rf3][%cal Ga3h3]} 48. Kf2 Ra2+ 49. Rc2 Ra4 (49... Ra3 $4 50. Nc4+ $18) 50. Rc4 Ra2+ {does not yield anything either.}) 44... g4+ $2 {It is not clear whether Black had carefully calculated this continuation.} 45. Kf4 Ra4+ 46. Kg5 f4 47. Nd1 $2 {gives away the win} (47. Nf1 $1 {could give Black a hard time!} e5 48. h4 {[%csl Gg5]} g3 (48... Ra2 49. Nd2 $18) 49. Kxh5 (49. Nd2 $2 e4 50. Rb3 e3 51. Nf3 Kc4 52. Rb7 Kd3 53. Kxh5 Ke2 $1 54. Kg4 Kf2 55. Kh3 e2 $11 {and neither side can improve the position.}) 49... e4 50. Rd1 e3 51. Kg4 e2 52. Rc1+ Kd5 53. Nd2 Kd4 54. Kf3 Kd3 55. Nb1 $18) 47... e5 48. Rd2 (48. h4 Ra2 {[%csl Rg2]}) 48... f3 49. gxf3 gxh3 50. Nb2 Ra3 51. Nd3+ Kd4 52. Ne1+ Ke3 53. Rh2 Rc3 54. Nc2+ Kd3 55. Ne1+ Ke3 56. f4 exf4 57. Rxh3+ Kd4 58. Nf3+ Ke4 59. Nd2+ Kd4 60. Rh4 Ke3 61. Nf1+ Ke2 62. Rxf4 Rf3 1/2-1/2